The Conformist / (Record no. 186828)
[ view plain ]
| 000 -LEADER | |
|---|---|
| fixed length control field | 00361 a2200157 4500 |
| 003 - CONTROL NUMBER IDENTIFIER | |
| control field | Nust |
| 005 - DATE AND TIME OF LATEST TRANSACTION | |
| control field | 20230125114633.0 |
| 040 ## - CATALOGING SOURCE | |
| Transcribing agency | Nust |
| 082 ## - DEWEY DECIMAL CLASSIFICATION NUMBER | |
| Classification number | 853.9,MOR |
| 100 ## - MAIN ENTRY--PERSONAL NAME | |
| Personal name | Moravia, Alberto |
| 9 (RLIN) | 107621 |
| 245 ## - TITLE STATEMENT | |
| Title | The Conformist / |
| Statement of responsibility, etc. | Alberto moravia |
| 260 ## - PUBLICATION, DISTRIBUTION, ETC. | |
| Place of publication, distribution, etc. | london |
| Name of publisher, distributor, etc. | Penguin |
| 300 ## - PHYSICAL DESCRIPTION | |
| Extent | 295:p |
| 650 ## - SUBJECT ADDED ENTRY--TOPICAL TERM | |
| Topical term or geographic name entry element | English liteature |
| 9 (RLIN) | 107622 |
| 942 ## - ADDED ENTRY ELEMENTS (KOHA) | |
| Source of classification or shelving scheme | |
| Koha item type | Book |
| Withdrawn status | Lost status | Source of classification or shelving scheme | Damaged status | Not for loan | Permanent Location | Current Location | Shelving location | Date acquired | Shelving control number | Total Checkouts | Full call number | Barcode | Date last seen | Date last checked out | Price effective from | Koha item type | Public note |
|---|---|---|---|---|---|---|---|---|---|---|---|---|---|---|---|---|---|
| Military College of Signals (MCS) | Military College of Signals (MCS) | Fiction | 12/12/2016 | English Literature | 1 | 853.9,MOR | MCS29550 | 01/31/2025 | 01/20/2025 | 12/12/2016 | Book | Almirah No.58, Shelf No.2 |
